Southville International School and Colleges
Your cart is empty.
  • Cart
  • Lists
    Public lists Eva Luna New books Lux_list list_1
    Your lists Log in to create your own lists
  • Log in to your account
  • Your cookies
  • Search history
Southville International School and Colleges
  • Advanced search
  • Recent comments
  • Most popular
  • Libraries

Log in to your account

Log in with GOOGLE


If you do not have an external account, but do have a local account, you can still log in:

  1. Home
  2. MARC view: ASEAN champions:
Normal view MARC view ISBD view

ASEAN champions: (Record no. 358790)

[ view plain ]
MARC details
000 -LEADER
fixed length control field 00638nam a2200205Ia 4500
003 - CONTROL NUMBER IDENTIFIER
control field SISC
005 - DATE AND TIME OF LATEST TRANSACTION
control field 20180927130916.0
008 - FIXED-LENGTH DATA ELEMENTS--GENERAL INFORMATION
fixed length control field 180918s9999 xx 000 0 und d
020 ## - INTERNATIONAL STANDARD BOOK NUMBER
International Standard Book Number 9781107569591
050 ## - LIBRARY OF CONGRESS CALL NUMBER
Classification number HC 441 .P235 2017
100 ## - MAIN ENTRY--PERSONAL NAME
Personal name Park, Seung Ho
245 ## - TITLE STATEMENT
Statement of responsibility, etc Seung Ho Park; Gerardo Ungson; Jamil Paolo Francisco
Title ASEAN champions:
Remainder of title emerging stalwarts in regional integration/
260 ## - PUBLICATION, DISTRIBUTION, ETC. (IMPRINT)
Place of publication, distribution, etc UK:
Name of publisher, distributor, etc Cambridge University Press
Date of publication, distribution, etc 2017
300 ## - PHYSICAL DESCRIPTION
Extent 247 pages :
Other physical details colored illustrations ;
Dimensions 23 cm.
500 ## - GENERAL NOTE
General note includes index
650 ## - SUBJECT ADDED ENTRY--TOPICAL TERM
Topical term or geographic name as entry element Economic policy
650 ## - SUBJECT ADDED ENTRY--TOPICAL TERM
Topical term or geographic name as entry element Southeast asia
942 ## - ADDED ENTRY ELEMENTS (KOHA)
Source of classification or shelving scheme Library of Congress Classification
Koha item type Books
Holdings
Withdrawn status Lost status Source of classification or shelving scheme Damaged status Home library Current library Shelving location Date acquired Source of acquisition Total Checkouts Full call number Barcode Date last seen Price effective from Koha item type
    Library of Congress Classification   Luxembourg Library Luxembourg Library High School Section 09/18/2018 Donation   HC 441 .P235 2017 20575 09/18/2018 09/18/2018 Books

ASEAN champions:

APA

Park S. H., . (2017). ASEAN champions. UK: Cambridge University Press.

Chicago

Park Seung Ho, . 2017. ASEAN champions. UK: Cambridge University Press.

Harvard

Park S. H., . (2017). ASEAN champions. UK: Cambridge University Press.

MLA

Park Seung Ho, . ASEAN champions. UK: Cambridge University Press. 2017.

  • Place hold
  • Print
  • Cite
  • Add to your cart (remove)
  • Save record
    BIBTEX Dublin Core MARCXML MARC (non-Unicode/MARC-8) MARC (Unicode/UTF-8) MARC (Unicode/UTF-8, Standard) MODS (XML) RIS
  • More searches
    Search for this title in:
    Other Libraries (WorldCat) Other Databases (Google Scholar) Online Stores (Bookfinder.com) Open Library (openlibrary.org)

Exporting to Dublin Core...

SOUTHVILLE LIBRARY

Southville International School and Colleges Library

1281 Tropical Ave. Cor. Luxembourg St., BF Homes International, Las Pinas City

Tel. No. 8256374 / 252358 Loc. 117/146

Powered by Koha